Văn xuôi lãng mạn Việt Nam 1887 - 2000
Tập II, quyển 4 tập hợp các truyện ngắn của các tác giả Vũ Bằng, Bình Nguyên Lộc, Hàn Thế Du, Xuân Diệu, Hồ Dzếnh, Thâm Tâm, Bùi Hiển, Đỗ Tốn, Hoàng Cầm
保存先:
| フォーマット: | 図書 |
|---|---|
| 言語: | Undetermined |
| 出版事項: |
Thành phố Hồ Chí Minh
Văn hóa Sài Gòn
2006
|
| 主題: | |
| タグ: |
タグ追加
タグなし, このレコードへの初めてのタグを付けませんか!
|
| Thư viện lưu trữ: | Trung tâm Học liệu Trường Đại học Cần Thơ |
|---|
| LEADER | 01049nam a2200217Ia 4500 | ||
|---|---|---|---|
| 001 | CTU_106845 | ||
| 008 | 210402s9999 xx 000 0 und d | ||
| 020 | |c 87000 | ||
| 082 | |a 895.92233 | ||
| 082 | |b V115/T.2 - Q4 | ||
| 245 | 0 | |a Văn xuôi lãng mạn Việt Nam | |
| 245 | 0 | |b 1887 - 2000 | |
| 245 | 0 | |c Hữu Nhuận (chủ biên) | |
| 260 | |a Thành phố Hồ Chí Minh | ||
| 260 | |b Văn hóa Sài Gòn | ||
| 260 | |c 2006 | ||
| 520 | |a Tập II, quyển 4 tập hợp các truyện ngắn của các tác giả Vũ Bằng, Bình Nguyên Lộc, Hàn Thế Du, Xuân Diệu, Hồ Dzếnh, Thâm Tâm, Bùi Hiển, Đỗ Tốn, Hoàng Cầm | ||
| 650 | |a Vietnamese prose literature,Vietnamese fiction,Văn xuôi Việt Nam,Tiểu thuyết Việt Nam | ||
| 650 | |y 20th century,20th century,Thế kỷ 20,Thế kỷ 20 | ||
| 904 | |i Năm, Mai chuyển số PL từ 895.9223008 thành 895.92233 | ||
| 980 | |a Trung tâm Học liệu Trường Đại học Cần Thơ | ||